000 01206nam a22002897a 4500
999 _c95902
_d95902
005 20200111180904.0
010 _a1516EN07 ENG-114874 B-663806
020 _a9780143425038
_c499.00
035 _aEN-98406
035 _aB-605912
035 _aB-605903-920
035 _aB-664987
035 _aB-663806
037 _adpl
_bBlueberry/Ven
037 _bDBAD/PUB
037 _bBookwell
082 _aS
100 _aRay, Satyajit
245 _aThe complete adventures of feluda-I /
_cby Satyajit Ray
260 _bPenguin Books
_c2015
_aGurgaon
270 _a7th Floor, Infinity Tower C, DLF Cyber City
_bGurgaon
_e122002
300 _axiii,785p.
_c22cm(pbk)
942 _2ddc
_cEN
_mRAY
_hS